| 000 | 00577nam a22002057a 4500 | ||
|---|---|---|---|
| 007 | 00 | ||
| 008 | 170227b xxu||||| |||| 00| 0 eng d | ||
| 020 | _a2-7430-0685-4 | ||
| 040 |
_aBUAC _cBUC |
||
| 041 | _aFre. | ||
| 100 | _aGRECIAS, Pierre | ||
| 245 |
_aChimie 2de année PSI PSI* : avec + de 200 exercices résolus _c/ par Pierre Grécias |
||
| 260 |
_aParis : _bLavoisier , _c2004. |
||
| 300 |
_a455 p. _c27 cm. |
||
| 440 |
_a(Référence prépas) _x1764-4704 _980 |
||
| 500 | _aIndex : pp(451-455) | ||
| 630 | _aSCIENCES EXACTES | ||
| 650 | _aCHIMIE | ||
| 942 | _cLBA | ||
| 999 |
_c56017 _d56017 |
||